000 00707nam a2200229 i 4500
001 124554
003 ES-MaACL
005 20250813062627.0
007 t|
008 070329s1937 sp ||||1| spa d
080 _a340.12(022)
100 1 _aMayer, Max Ernest.
_979360
245 1 0 _aFilosofía del derecho /
_cMax Ernst Mayer ; traducción de la 2ª edición original por Luis Legaz Lacambra.
260 _aBarcelona :
_bLabor,
_c[1937]
300 _a216 p. ;
_c17 cm.
490 1 _aColección Labor ;
_v398
650 4 _aDerecho-
_xFilosofía
_911620
700 1 _aLegaz Lacambra, Luis.
_971264
830 1 0 _aColección Labor
_v398
_9184254
852 _aES-MaACL
_jE-2865
999 _c124554
_d124554